Pothu Vidhyabhyasam Enthinu , Eathinu / (Record no. 954)
[ view plain ]
| 000 -LEADER | |
|---|---|
| fixed length control field | 00383cam a2200145ua 4500 |
| 041 ## - LANGUAGE CODE | |
| Language code of text/sound track or separate title | mal |
| 082 ## - DEWEY DECIMAL CLASSIFICATION NUMBER | |
| Classification number | 370.1 |
| Item number | JOS/PO |
| 100 ## - MAIN ENTRY--AUTHOR NAME | |
| Personal name | Joseph, Mundassery . |
| 245 ## - TITLE STATEMENT | |
| Title | Pothu Vidhyabhyasam Enthinu , Eathinu / |
| 260 ## - PUBLICATION, DISTRIBUTION, ETC. (IMPRINT) | |
| Place of publication | Trissur : |
| Name of publisher | Mangalodhayam pvt Ltd , |
| Year of publication | 1961. |
| 300 ## - PHYSICAL DESCRIPTION | |
| Number of Pages | 182 ; . |
| 942 ## - ADDED ENTRY ELEMENTS (KOHA) | |
| Koha item type | Books |
| Withdrawn status | Lost status | Damaged status | Home library | Current library | Date acquired | Full call number | Accession Number | Koha item type |
|---|---|---|---|---|---|---|---|---|
| Withdrawn | KAUAET | Malayalam University | 07/04/2012 | 370.1 | 5694 | Books |
